000
00303nam a22001217a 4500
008
250429b |||||||| |||| 00| 0 eng d
050
_a
JC 571
_b
.I36
100
_a
Ifowodo Ogaga
245
_a
Annual Report 1997
260
_a
Nigeria
_b
Civil liberties Organisation
_c
1999
300
_a
248p.
942
_c
BK
999
_c
3250
_d
3250